000 00274nam a22001097a 4500
082 _a629.253 CRO'A
100 _aCROUSE, WILLIAM H
_940261
245 _aAUTOMOTIVE FUEL LUBRICATING AND COOLING SYSTEM
260 _aNEWYORK
_bMCGRAW HILL
_c1959
300 _a421P
942 _cBK
999 _c582706
_d582706